Normal view
MARC view
- ULLAH, SANA
Entry Personal Name
001 - CONTROL NUMBER
- control field: 127024
003 - CONTROL NUMBER IDENTIFIER
- control field: NUST
005 - DATE AND TIME OF LATEST TRANSACTION
- control field: 20241206100455.0
008 - FIXED-LENGTH DATA ELEMENTS
- fixed length control field: 241206|| aca||aabn | a|a d
040 ## - CATALOGING SOURCE
- Original cataloging agency: NUST
- Transcribing agency: NUST
100 ## - HEADING--PERSONAL NAME
- Personal name: ULLAH, SANA
670 ## - SOURCE DATA FOUND
- Source citation: Work cat.: (NUST): ULLAH, SANA, TRADE FACILITATION, EXPORTS, AND ECONOMIC GROWTH: ANALYSES OF SOUTH ASIAN ECONOMIES/
